Nuclear structure and nuclear reactions (Record no. 3358)

MARC details
000 -LEADER
fixed length control field 00954nam a2200241Ia 4500
003 - CONTROL NUMBER IDENTIFIER
control field IN-BaIIA
008 - FIXED-LENGTH DATA ELEMENTS--GENERAL INFORMATION
fixed length control field 211028s9999 xx 000 0 eng d
040 ## - CATALOGING SOURCE
Transcribing agency IIA Library
080 ## - UNIVERSAL DECIMAL CLASSIFICATION NUMBER
Universal Decimal Classification number 063:53
Item number ENF-40
111 ## - MAIN ENTRY--MEETING NAME
Meeting name or jurisdiction name as entry element International School of Physics "Enrico Fermi"
Location of meeting Italy
Date of meeting or treaty signing 1967 June 26- July 15
9 (RLIN) 5953
245 #0 - TITLE STATEMENT
Title Nuclear structure and nuclear reactions
Remainder of title proceedings of the International School of Physics "Enrico Fermi" held in Varenna Sul Lago di Como, Villa Monastero 26th June - 15th July 1967
Statement of responsibility, etc. edited by M. Jean and Ricci R. A.
260 ## - PUBLICATION, DISTRIBUTION, ETC.
Place of publication, distribution, etc. New York
Name of publisher, distributor, etc. Academic Press
Date of publication, distribution, etc. 1969
300 ## - PHYSICAL DESCRIPTION
Extent xvi, 813p.
490 ## - SERIES STATEMENT
Series statement International School of Physics "Enrico Fermi" Course v. 40
650 ## - SUBJECT ADDED ENTRY--TOPICAL TERM
Topical term or geographic name entry element NASA Thesaurus
650 ## - SUBJECT ADDED ENTRY--TOPICAL TERM
Topical term or geographic name entry element Nuclear Physics
9 (RLIN) 1527
650 ## - SUBJECT ADDED ENTRY--TOPICAL TERM
Topical term or geographic name entry element Nuclear Reactions
9 (RLIN) 2819
650 ## - SUBJECT ADDED ENTRY--TOPICAL TERM
Topical term or geographic name entry element Nuclear Structure
9 (RLIN) 3051
700 ## - ADDED ENTRY--PERSONAL NAME
Personal name Jean, M., ed.
9 (RLIN) 5954
700 ## - ADDED ENTRY--PERSONAL NAME
Personal name Ricci, R. A. ed
9 (RLIN) 5955
710 ## - ADDED ENTRY--CORPORATE NAME
Corporate name or jurisdiction name as entry element Italian Physical Society
942 ## - ADDED ENTRY ELEMENTS (KOHA)
Koha item type Books
Holdings
Withdrawn status Lost status Source of classification or shelving scheme Damaged status Not for loan Home library Current library Shelving location Date acquired Cost, normal purchase price Total Checkouts Full call number Barcode Date last seen Cost, replacement price Price effective from Koha item type Purchase Price
    Dewey Decimal Classification     IIA Library-Bangalore IIA Library-Bangalore General Stacks 24/12/1969 216.00   063:53/ ENF-40 3733 05/11/2021 216.00 24/12/1969 Books Rs. 216.00

Powered by Koha